El proceso decisional y los costos (Registro nro. 322)
[ vista simple ]
| 000 -LEADER | |
|---|---|
| fixed length control field | 00800 a2200205 4500 |
| 001 - CONTROL NUMBER | |
| control field | 3353 |
| 005 - DATE AND TIME OF LATEST TRANSACTION | |
| control field | 20260407155428.0 |
| 008 - FIXED-LENGTH DATA ELEMENTS--GENERAL INFORMATION | |
| fixed length control field | 260407a1982 arg spa d |
| 003 - CONTROL NUMBER IDENTIFIER | |
| control field | AR-UNSa-BCEJYS |
| 040 ## - CATALOGING SOURCE | |
| Original cataloging agency | AR-UNSa-BCEJYS |
| Language of cataloging | spa |
| Transcribing agency | AR-UNSa-BCEJYS |
| 080 ## - UNIVERSAL DECIMAL CLASSIFICATION NUMBER | |
| Universal Decimal Classification number | 657.47 |
| Common auxiliary subdivision | Contabilidad de Costos |
| 100 1# - MAIN ENTRY--PERSONAL NAME | |
| Personal name | Wajchman, Mauricio |
| 245 10 - TITLE STATEMENT | |
| Title | El proceso decisional y los costos |
| 264 #1 - PRODUCTION, PUBLICATION, DISTRIBUTION, MANUFACTURE, AND COPYRIGHT NOTICE | |
| Place of production, publication, distribution, manufacture | Buenos Aires : |
| Name of producer, publisher, distributor, manufacturer | Ediciones Macchi |
| Date of production, publication, distribution, manufacture, or copyright notice | 1982 |
| 300 ## - PHYSICAL DESCRIPTION | |
| Extent | 164 p. |
| Dimensions | 22 cm. |
| 505 ## - FORMATTED CONTENTS NOTE | |
| Formatted contents note | 1. El proceso decisional y los costos 2. La estructura de costos de la empresa - 3. El proceso de generación de los resultados |
| 590 ## - LOCAL NOTE (RLIN) | |
| Local note | niveau_biblio:m niveau_hierar:0 |
| 856 41 - ELECTRONIC LOCATION AND ACCESS | |
| Uniform Resource Identifier | <a href="https://t0.gstatic.com/images?q=tbn:ANd9GcQkDlEXVCQpzTkWi7BOlDTV7-KjuR0080TSAZv3ZRspC4VsPOKt">https://t0.gstatic.com/images?q=tbn:ANd9GcQkDlEXVCQpzTkWi7BOlDTV7-KjuR0080TSAZv3ZRspC4VsPOKt</a> |
| Link text | Imagen de portada |
| Electronic format type | image/jpeg |
| 942 ## - ADDED ENTRY ELEMENTS (KOHA) | |
| Koha item type | |
| Withdrawn status | Lost status | Damaged status | Not for loan | Home library | Current library | Shelving location | Date acquired | Total checkouts | Full call number | Barcode | Date last seen | Price effective from | Koha item type |
|---|---|---|---|---|---|---|---|---|---|---|---|---|---|
| Biblioteca Prof. Eusebio Cleto del Rey | Biblioteca Prof. Eusebio Cleto del Rey | 07/04/2026 | 657.47 W111 | L53968 | 07/04/2026 | 07/04/2026 | Libro |